000 00777nam a22002297a 4500
999 _c13432
_d13432
003 AR-CdUCM
008 190415b ||||| |||| 00| 0 spa d
020 _a978-9972-59-538-7
040 _aMUNICIPALIDAD PROVINCIAL DEL CUSCO
_cBIBLIOTECA MUNICIPAL DEL CUSCO
082 _aEP /808.06 /
_bUR77
100 _aUribe, Alejandro
_931796
245 _aEl triangulo de las bermudas /
260 _aLima :
_bCorporación gráfica Navarretee S.A.,
_c2013.
300 _a47 paginas ;
_c20 cm.
440 _aMisterios sin resolver.
_nExpediente n° 2.
_931850
505 _aContenido :El triangulo de las bermudas.
650 _aHistorias reales
_929099
650 _aEnigmas
_920383
700 _aAyala, Gabriel y Mateo.
_931779
942 _2ddc
_cLIBROS
945 _arum
_d2019-04-15